000 00318nam a22001337a 4500
008 180312b xxu||||| |||| 00| 0 eng d
020 _a9780805368499
041 _aeng
080 _24th
_a611
100 _a7
101 _aANA
245 _aHuman physiology an integrated approach
_cSilverthorn,D.U
942 _2udc
_cBK
999 _c44781
_d44781